Чрево Парижа: роман; пер. с фр.

Dettagli Bibliografici
Autore principale: Золя Э. Эмиль
Altri autori: Линдегрен А. (переводчик), Эйхенгольц М. (автор предисловия), Емельяникова С.
Lingua:russo
Pubblicazione: Москва, Известия, 1964
Soggetti:
Natura: MixedMaterials Libro
KOHA link:https://koha.lib.tpu.ru/cgi-bin/koha/opac-detail.pl?biblionumber=255874

MARC

LEADER 00000nam0a2200000 4500
001 255874
005 20231101233050.0
035 |a (RuTPU)RU\TPU\book\278491 
090 |a 255874 
100 |a 20140403d1964 m y0rusy50 ca 
101 1 |a rus  |c fre 
102 |a RU 
105 |a a z 001ay 
200 1 |a Чрево Парижа  |e роман  |e пер. с фр.  |f Э. Золя  |g пер. А. Линдегрен , М. Эйхенгольц ; авт. предисл. С. Емельяникова 
210 |a Москва  |c Известия  |d 1964 
215 |a 363 с.  |c ил. 
320 |a Вступительная статья: с. 5-14 
606 1 |a Французская литература  |x Произведения  |2 stltpush  |3 (RuTPU)RU\TPU\subj\64346  |9 81252 
610 1 |a художественная литература 
610 1 |a романы 
610 1 |a Париж 
610 1 |a 19 век 
675 |a 84  |v 3 
700 1 |a Золя  |b Э.  |c французский писатель  |f 1840-1902  |g Эмиль  |2 stltpush  |3 (RuTPU)RU\TPU\pers\9278  |4 070  |9 1833 
702 1 |a Линдегрен  |b А.  |4 730 
702 1 |a Эйхенгольц  |b М.  |4 730 
702 1 |a Емельяникова  |b С.  |4 080 
801 1 |a RU  |b 63413507  |c 20140403 
801 2 |a RU  |b 63413507  |c 20210930  |g RCR 
942 |c BK